Die Parodie im Urheberrecht
Αποθηκεύτηκε σε:
| Κύριος συγγραφέας: | |
|---|---|
| Μορφή: | Βιβλίο |
| Γλώσσα: | German |
| Δημοσίευση: |
Berlin :
Schweitzer,
1977
|
| Σειρά: | Schriftenreihe der UFITA ;
; 54 |
| Θέματα: | |
| Ετικέτες: |
Προσθήκη ετικέτας
Δεν υπάρχουν, Καταχωρήστε ετικέτα πρώτοι!
|
MARC
| LEADER | 00000cam a2200000 i 4500 | ||
|---|---|---|---|
| 001 | 1/35900 | ||
| 008 | 061021s1977 ger d | ||
| 020 | |a 3-8059-0470-3 | ||
| 035 | |l 10085678 | ||
| 040 | |a GR-MY-UA |b gre |e aacr | ||
| 041 | 0 | |a ger | |
| 082 | 0 | |a 346.0482 |2 (22) | |
| 100 | 1 | |a Hefti, Ernst. | |
| 245 | 1 | 4 | |a Die Parodie im Urheberrecht / |c Ernst Hefti |
| 260 | |a Berlin : |b Schweitzer, |c 1977 | ||
| 300 | |a 127 σ.; |c 21 εκ. | ||
| 490 | 1 | |a Schriftenreihe der UFITA |v ; 54 | |
| 504 | |a Περιλαμβάνει βιβλιογραφικές παραπομπές | ||
| 650 | 0 | 0 | |a Fair use (Copyright) |z Germany (West) |
| 650 | 0 | 0 | |a Copyright infringment |z Germany (West) |
| 830 | 0 | |a Schriftenreihe der UFITA ; |v ; 54 | |
| 852 | |a INST |b CHIOS |e 20061021 |h 346.0482 HEF |p 005200026945 |q 005200026945 |t BK |y 0 | ||
| 901 | |a BIBL2-2006-3 | ||
| 909 | |a Χ |b 120311 | ||
| 970 | |a ΒΑΣΙΛΑΚΗ |b ΝΙΚΗ |z 2006/10/21 | ||